| 000 | 01031nam a22003377a 4500 | ||
|---|---|---|---|
| 003 | CHAP | ||
| 005 | 20220329135258.0 | ||
| 008 | 971013s1980 r 00010 d | ||
| 010 | _a33697 | ||
| 011 | _a34669 | ||
| 035 | _a38785 | ||
| 040 | _cCHAP | ||
| 082 |
_a335.4 _bM4Y |
||
| 100 | 0 | 0 |
_aMeek, Donald L. _974150 |
| 245 |
_aSmith, Marx y después _b: diez ensayos sobre el desarrollo del pensamiento económico |
||
| 260 |
_aSiglo XXI, _c1980 |
||
| 300 | _a237 p | ||
| 490 | _aEconomía | ||
| 590 |
_aBATCH-UPD _b10 _c20130110 _lUCH01 _h0033 |
||
| 590 |
_aBATCH-UPD _b10 _c20130110 _lUCH01 _h1553 |
||
| 590 |
_aBATCH-UPD _b10 _c20130410 _lUCH01 _h0951 |
||
| 590 |
_aBATCH-UPD _b10 _c20130914 _lUCH01 _h1231 |
||
| 590 |
_aCONVERSION _b10 _c20130109 _lUCH01 _h1319 |
||
| 650 | 1 | 4 |
_aEconomía _xFilosofía. _935237 |
| 650 | 1 | 4 |
_aMarxismo. _972728 |
| 700 | 0 |
_aSmith, Adam. _9106946 |
|
| 830 |
_aEconomía _935227 |
||
| 901 | _aBK | ||
| 942 | _cLIBRO | ||
| 949 |
_a335.4 M4Y _bBC _cLIBRO _d33724000342200 _eLIBRO _h58670 _i38785 _si _t240.00 |
||
| 999 |
_c33697 _d33697 |
||